| 000 | 00000nam##2200000za#4500 |
| 001 | 9.611697 |
| 003 | CaOODSP |
| 005 | 20211126112846 |
| 007 | ta |
| 008 | 150406|1994||||xxc||||| f|0| 0 eng|d |
| 020 | |a0-662-22804-9 |
| 022 | |a1192-5434 |
| 040 | |aCaOODSP|beng |
| 043 | |an-cn--- |
| 086 | 1 |aFB3-2/94-12E |
| 110 | 2 |aBank of Canada. |
| 245 | 10|aSearching for the liquidity effect in Canada / |cby Ben S. C. Fung and Rohit Gupta, Department of Monetary and Financial Analysis. |
| 260 | |aOttawa - Ontario : |bBank of Canada |c1994. |
| 300 | |av, 51p. : |bgraphs, references, tables ; |c28 cm. |
| 490 | 1 |aWorking paper|x1192-5434|v94-12 |
| 500 | |aContents: Introduction.--A review of the empirical work on liquidity effects.--Methodology: structural vector autoregression and identification.--Empirical results.--Concluding remarks.--Appendix 1: description of the data.--Appendix 2: identification of the structural VAR.--Tables.--Graphs and figures.--Bibliography. |
| 546 | |aRésumés en français |
| 563 | |aSoftcover |
| 590 | |a95-02|b1995-01-13 |
| 690 | 07|aInflation|2gcpds |
| 720 | 1 |aGupta, Rohit |
| 720 | 1 |aFung, Ben S. C. |
| 776 | 0#|tSearching for the liquidity effect in Canada / |w(CaOODSP)9.571621 |
| 830 | #0|aWorking paper,|x1192-5434|v94-12|w(CaOODSP)9.514622 |